| 000 | 00458nam a2200169Ia 4500 | ||
|---|---|---|---|
| 008 | 190509s9999 xx 000 0 und d | ||
| 100 | _aSeppala, Emma M. | ||
| 245 | _aHow to express anger/ | ||
| 245 | _cEmma M. Seppala | ||
| 260 | _bSussex Publisher | ||
| 260 | _c2018 | ||
| 300 | _aPages 44-46, July/August 2018 | ||
| 440 |
_aPsychology Today: Turning Points _v1/2/1900 3:04:00 AM |
||
| 650 | _aanger | ||
| 650 | _aemotion | ||
| 650 | _arelationship | ||
| 999 |
_c361818 _d361818 |
||